[Event "Berlin Kreuzberg op"]
[Site "Berlin"]
[Date "2016.07.22"]
[Round "7"]
[White "Zahn, Benno"]
[Black "Roho, Kevin"]
[Result "1/2-1/2"]
[WhiteElo "2105"]
[BlackElo "1857"]
[PlyCount "77"]
[EventDate "2016.07.16"]
[EventType "swiss"]
[EventRounds "9"]
[EventCountry "GER"]
[SourceTitle "CBM 173 Extra"]
[Source "ChessBase"]
[SourceDate "2016.08.29"]
[SourceVersion "1"]
[SourceVersionDate "2016.08.29"]
[SourceQuality "1"]

1. e4 d5 2. exd5 Nf6 3. d4 Nxd5 4. c4 Nb6 5. Nf3 g6 6. a4 a5 7. c5 Nd5 8. Bc4 Bg7 9. Qb3 e6 10. Bg5 Nf6 11. 0-0 0-0 12. Nc3 Nc6 13. d5 exd5 14. Nxd5 Be6 15. Rad1 Bxd5 16. Bxd5 Qc8 17. Bc4 Rb8 18. Bf4 h6 19. Rfe1 b6 20. Qc2 bxc5 21. Bb5 Nd4 22. Nxd4 cxd4 23. Rxd4 Nh5 24. Be5 Qb7 25. Bxg7 Nxg7 26. Rd7 Rbc8 27. h3 Qb6 28. Bc4 Rcd8 29. Ree7 Rxd7 30. Rxd7 c5 31. Bd5 Ne6 32. Qc4 Qxb2 33. g3 Qa1+ 34. Kg2 Qf6 35. Rb7 Re8 36. Ra7 Qd4 37. Bxe6 Rxe6 38. Qxd4 cxd4 39. Rd7 1/2-1/2

[Event "Berlin Kreuzberg op"]
[Site "Berlin"]
[Date "2016.07.20"]
[Round "5"]
[White "Zahn, Benno"]
[Black "Rosmann, Ilja"]
[Result "1/2-1/2"]
[WhiteElo "2105"]
[BlackElo "2288"]
[PlyCount "104"]
[EventDate "2016.07.16"]
[EventType "swiss"]
[EventRounds "9"]
[EventCountry "GER"]
[SourceTitle "CBM 173 Extra"]
[Source "ChessBase"]
[SourceDate "2016.08.29"]
[SourceVersion "1"]
[SourceVersionDate "2016.08.29"]
[SourceQuality "1"]

1. e4 e6 2. d4 d5 3. Nc3 dxe4 4. Nxe4 Nd7 5. Nf3 Be7 6. Bd3 b6 7. Qe2 Bb7 8. 0-0 Ngf6 9. Nxf6+ Bxf6 10. Rd1 0-0 11. Ne5 Qe7 12. Bb5 Bxe5 13. dxe5 Rfd8 14. Bf4 Nf8 15. Bd3 Ng6 16. Bg3 Qg5 17. Qd2 Qxd2 18. Rxd2 Rd4 19. Rad1 Rad8 20. f3 Kf8 21. Kf1 h5 22. Ke1 Ne7 23. Be2 Rxd2 24. Rxd2 Rxd2 25. Kxd2 c5 26. h4 Ke8 27. Ke1 Kd7 28. Kf1 Nc6 29. c3 Ne7 30. Kg1 Bd5 31. c4 Bb7 32. Bf4 Ng6 33. Bg3 Ne7 34. Kh2 Nc6 35. Bf4 Nd4 36. Bd1 Ba6 37. b3 b5 38. cxb5 Bxb5 39. g4 hxg4 40. fxg4 Bd3 41. h5 Kc6 42. g5 Kd5 43. h6 gxh6 44. gxh6 Bh7 45. Bh5 Ke4 46. Kg3 Kf5 47. Bd1 Bg6 48. Bg4+ Ke4 49. Bh5 Kf5 50. Be3 Bh7 51. Bf4 Bg6 52. Be3 Bh7 1/2-1/2

[Event "Berlin Kreuzberg op"]
[Site "Berlin"]
[Date "2016.07.17"]
[Round "2"]
[White "Zahn, Benno"]
[Black "Schmalzried, Volker"]
[Result "1-0"]
[WhiteElo "2105"]
[BlackElo "1883"]
[PlyCount "45"]
[EventDate "2016.07.16"]
[EventType "swiss"]
[EventRounds "9"]
[EventCountry "GER"]
[SourceTitle "CBM 173 Extra"]
[Source "ChessBase"]
[SourceDate "2016.08.29"]
[SourceVersion "1"]
[SourceVersionDate "2016.08.29"]
[SourceQuality "1"]

1. e4 c5 2. Nf3 Nc6 3. Bb5 g6 4. Bxc6 bxc6 5. 0-0 Bg7 6. Re1 Nf6 7. e5 Nd5 8. c4 Nc7 9. d4 cxd4 10. Qxd4 0-0 11. Qh4 Ne6 12. Nc3 d5 13. Be3 Rb8 14. b3 f6 15. Rad1 fxe5 16. cxd5 Bf6 17. dxe6 Qa5 18. Qc4 Ba6 19. Qc5 Qc7 20. Nd5 Qb7 21. Nxf6+ Rxf6 22. Rd7 Qc8 23. Qxe7 1-0

[Event "Berlin Kreuzberg op"]
[Site "Berlin"]
[Date "2016.07.16"]
[Round "1"]
[White "Lange, Cecilia"]
[Black "Zahn, Benno"]
[Result "0-1"]
[WhiteElo "1771"]
[BlackElo "2105"]
[PlyCount "60"]
[EventDate "2016.07.16"]
[EventType "swiss"]
[EventRounds "9"]
[EventCountry "GER"]
[SourceTitle "CBM 173 Extra"]
[Source "ChessBase"]
[SourceDate "2016.08.29"]
[SourceVersion "1"]
[SourceVersionDate "2016.08.29"]
[SourceQuality "1"]

1. e4 c5 2. Nf3 e6 3. d4 cxd4 4. Nxd4 Nc6 5. Nc3 Qc7 6. Be2 a6 7. Be3 Nf6 8. 0-0 Bb4 9. f3 0-0 10. Qe1 b5 11. Kh1 Bb7 12. a3 Be7 13. Rd1 Rac8 14. f4 Nxd4 15. Bxd4 Nxe4 16. Bd3 Nf6 17. Qh4 h6 18. Rde1 d6 19. Re3 Ne4 20. Qg4 e5 21. fxe5 dxe5 22. Bxe5 Qxe5 23. Bxe4 f5 24. Qe2 fxe4 25. Re1 Bc5 26. Rh3 Rf2 27. Qd1 Rcf8 28. Rg3 Qf6 29. Ne2 Rf1+ 30. Ng1 Bxg1 0-1

[Event "GER-ch U25-A"]
[Site "Willingen"]
[Date "2016.05.19"]
[Round "7"]
[White "Gressmann, Hanna"]
[Black "Zahn, Benno"]
[Result "0-1"]
[WhiteElo "1781"]
[BlackElo "2106"]
[PlyCount "30"]
[EventDate "2016.05.15"]
[EventType "swiss"]
[EventRounds "9"]
[EventCountry "GER"]
[SourceTitle "CBM 172 Extra"]
[Source "ChessBase"]
[SourceDate "2016.06.21"]
[SourceVersion "1"]
[SourceVersionDate "2016.06.21"]
[SourceQuality "1"]

1. e4 c5 2. Nc3 Nc6 3. f4 g6 4. Nf3 Bg7 5. Bc4 e6 6. 0-0 Nge7 7. Qe1 0-0 8. d3 d6 9. f5 gxf5 10. Qh4 Ng6 11. Qh5 Nce5 12. exf5 Nxf3+ 13. Rxf3 Qh4 14. Qg5 Qe1+ 15. Rf1 Bd4+ 0-1

[Event "Berlin Lichtenrade op 11th"]
[Site "Berlin"]
[Date "2015.10.26"]
[Round "3"]
[White "Zahn, Benno"]
[Black "Meister, Jakob"]
[Result "0-1"]
[WhiteElo "2105"]
[BlackElo "2437"]
[PlyCount "98"]
[EventDate "2015.10.24"]
[EventType "swiss"]
[EventRounds "9"]
[EventCountry "GER"]
[SourceTitle "CBM 169 Extra"]
[Source "ChessBase"]
[SourceDate "2015.12.18"]
[SourceVersion "1"]
[SourceVersionDate "2015.12.18"]
[SourceQuality "1"]

1. e4 c5 2. Nf3 e6 3. d4 cxd4 4. Nxd4 a6 5. Bd3 Ne7 6. Nc3 Nbc6 7. Nf3 Ng6 8. Qe2 Qc7 9. Be3 b5 10. 0-0-0 Be7 11. Rhe1 0-0 12. h4 Bb7 13. Ng5 Nce5 14. Kb1 Nxd3 15. cxd3 h6 16. Nf3 Rfc8 17. g3 Qa5 18. Qd2 b4 19. Ne2 Qh5 20. Nfd4 d5 21. f3 dxe4 22. g4 Qa5 23. fxe4 Rd8 24. Rc1 Rac8 25. Rxc8 Rxc8 26. g5 h5 27. Ng3 Rd8 28. Rc1 Qe5 29. Nge2 Qd6 30. Bf2 Qd7 31. Nf4 Nxf4 32. Qxf4 Bd6 33. Qf3 Be5 34. Nb3 Qxd3+ 35. Qxd3 Rxd3 36. Nc5 Rd2 37. Rc2 Rd1+ 38. Rc1 Rxc1+ 39. Kxc1 Bc6 40. Nxa6 b3 41. axb3 Bxe4 42. Nc5 Bc6 43. Kc2 Kh7 44. Nd3 Bd6 45. Kc3 Kg6 46. Kc4 Bd5+ 47. Kd4 Bxb3 48. Ne5+ Kf5 49. Nxf7 e5+ 0-1

[Event "Berlin Kreuzberg op"]
[Site "Berlin"]
[Date "2015.07.18"]
[Round "8"]
[White "Zahn, Benno"]
[Black "Dimitrijeski, Kristian"]
[Result "1-0"]
[WhiteElo "2074"]
[BlackElo "2179"]
[PlyCount "59"]
[EventDate "2015.07.11"]
[EventType "swiss"]
[EventRounds "9"]
[EventCountry "GER"]
[SourceTitle "CBM 167 Extra"]
[Source "ChessBase"]
[SourceDate "2015.09.14"]
[SourceVersion "1"]
[SourceVersionDate "2015.09.14"]
[SourceQuality "1"]

1. e4 c6 2. d4 d5 3. e5 Bf5 4. Nf3 e6 5. Be2 Bg6 6. 0-0 Ne7 7. Nbd2 Nf5 8. Nb3 Be7 9. g4 Nh4 10. Nxh4 Bxh4 11. f4 Be4 12. Nc5 Be7 13. Nxe4 dxe4 14. Be3 Nd7 15. c4 h5 16. g5 Qb6 17. Qc2 0-0-0 18. c5 Qc7 19. Qxe4 Nf8 20. b4 Qd7 21. Rab1 Qd5 22. Qc2 a6 23. a4 Ng6 24. Bf3 Qd7 25. b5 axb5 26. axb5 Nh4 27. Be4 Nf5 28. bxc6 bxc6 29. Qa4 Qc7 30. Bxc6 1-0

[Event "Berlin Kreuzberg op"]
[Site "Berlin"]
[Date "2015.07.14"]
[Round "4"]
[White "Von Wantoch Rekowski, Danijela"]
[Black "Zahn, Benno"]
[Result "1/2-1/2"]
[WhiteElo "2153"]
[BlackElo "2074"]
[PlyCount "130"]
[EventDate "2015.07.11"]
[EventType "swiss"]
[EventRounds "9"]
[EventCountry "GER"]
[SourceTitle "CBM 167 Extra"]
[Source "ChessBase"]
[SourceDate "2015.09.14"]
[SourceVersion "1"]
[SourceVersionDate "2015.09.14"]
[SourceQuality "1"]

1. e4 c5 2. Nc3 a6 3. d3 b5 4. Be3 e6 5. f4 d5 6. exd5 exd5 7. Qe2 Be6 8. Bf2 Nh6 9. g4 Nxg4 10. f5 Nxf2 11. Qxf2 Bc8 12. Bg2 Be7 13. 0-0-0 Bb7 14. Nh3 0-0 15. Nf4 Bg5 16. Kb1 Bxf4 17. Qxf4 b4 18. Na4 Nd7 19. Qd6 Rc8 20. Bxd5 Bxd5 21. Qxd5 Nf6 22. Qg2 Qd4 23. Nb6 Rce8 24. Rhg1 g6 25. Rdf1 Kg7 26. Rf2 Re7 27. Nc4 Rfe8 28. a3 bxa3 29. fxg6 Re1+ 30. Rxe1 Rxe1+ 31. Ka2 hxg6 32. Nxa3 Nd5 33. Qf3 f6 34. c3 Qe5 35. Nc4 Qg5 36. Re2 Rxe2 37. Qxe2 f5 38. Nd6 Qe7 39. Qxe7+ Nxe7 40. Nb7 c4 41. dxc4 f4 42. Nc5 Kf6 43. Kb1 f3 44. Kc2 Kf5 45. Kd2 Nc6 46. Ke3 Ne5 47. b3 a5 48. Nd3 Ng4+ 49. Kxf3 Nxh2+ 50. Kg2 Ng4 51. Nb2 Ke4 52. b4 a4 53. Nxa4 Ne3+ 54. Kg3 Nxc4 55. Kg4 Ne5+ 56. Kg5 Kd5 57. Nb2 Ke6 58. c4 Nc6 59. b5 Ne5 60. Kf4 Kd6 61. Ke4 g5 62. Kf5 g4 63. Kf4 g3 64. Kxg3 Kc5 65. Kf4 Nxc4 1/2-1/2

[Event "GER-ch U25 op-A"]
[Site "Willingen"]
[Date "2015.05.30"]
[Round "9"]
[White "Zahn, Benno"]
[Black "Schmider, Niklas"]
[Result "0-1"]
[WhiteElo "2056"]
[BlackElo "1891"]
[PlyCount "78"]
[EventDate "2015.05.24"]
[EventType "swiss"]
[EventRounds "9"]
[EventCountry "GER"]
[SourceTitle "CBM 166 Extra"]
[Source "ChessBase"]
[SourceDate "2015.06.18"]
[SourceVersion "1"]
[SourceVersionDate "2015.06.18"]
[SourceQuality "1"]

1. e4 c5 2. Nf3 Nc6 3. d4 cxd4 4. Nxd4 g6 5. c4 Nf6 6. Nc3 Nxd4 7. Qxd4 d6 8. Bg5 Bg7 9. Nd5 0-0 10. Bxf6 exf6 11. Qd2 f5 12. exf5 Bxf5 13. Be2 Rc8 14. 0-0 b5 15. Rac1 bxc4 16. Rxc4 Rxc4 17. Bxc4 Re8 18. b3 Be6 19. Bb5 Rf8 20. Rc1 Qh4 21. Rc7 Be5 22. f4 Bg7 23. Ne7+ Kh8 24. Nc6 Qf6 25. Rxa7 Qa1+ 26. Kf2 Bc3 27. Qe2 Re8 28. Re7 Bd4+ 29. Kf3 Qc3+ 30. Qd3 Qxd3+ 31. Bxd3 Bd5+ 32. Kg4 Bxc6 33. Rxf7 Bxg2 34. Kg5 Bg7 35. Rd7 d5 36. a4 Be4 37. Bb5 h6+ 38. Kh4 Rc8 39. b4 Bf5 0-1

[Event "GER-ch U25 op-A"]
[Site "Willingen"]
[Date "2015.05.26"]
[Round "5"]
[White "Zahn, Benno"]
[Black "Wenninger, Philipp"]
[Result "1/2-1/2"]
[WhiteElo "2056"]
[BlackElo "2259"]
[PlyCount "88"]
[EventDate "2015.05.24"]
[EventType "swiss"]
[EventRounds "9"]
[EventCountry "GER"]
[SourceTitle "CBM 166 Extra"]
[Source "ChessBase"]
[SourceDate "2015.06.18"]
[SourceVersion "1"]
[SourceVersionDate "2015.06.18"]
[SourceQuality "1"]

1. e4 c6 2. d4 d5 3. Nd2 dxe4 4. Nxe4 Bf5 5. Ng3 Bg6 6. h4 h6 7. Nf3 Nd7 8. h5 Bh7 9. Bd3 Bxd3 10. Qxd3 e6 11. Bf4 Qa5+ 12. Bd2 Bb4 13. c3 Be7 14. c4 Qc7 15. 0-0-0 Ngf6 16. Kb1 0-0 17. Rde1 b5 18. c5 Rfd8 19. Qc2 a5 20. Nf1 Nf8 21. g4 N6h7 22. Be3 Rd5 23. Ng3 Rad8 24. Ne2 Ng5 25. Nxg5 hxg5 26. f4 Nh7 27. Nc3 R5d7 28. h6 g6 29. f5 exf5 30. gxf5 gxf5 31. Qxf5 b4 32. Ref1 Rf8 33. Ne4 Rd5 34. Qg4 Qd7 35. Qg3 Qe6 36. Nf2 f5 37. Nh3 Qg6 38. Nf4 Qf7 39. Nxd5 Qxd5 40. Qe5 Qxe5 41. dxe5 f4 42. Bf2 Kf7 43. Kc2 Ke6 44. Rd1 g4 1/2-1/2

[Event "GER-ch U25 op-A"]
[Site "Willingen"]
[Date "2015.05.25"]
[Round "3"]
[White "Zahn, Benno"]
[Black "Schnabel, Bennett"]
[Result "1-0"]
[WhiteElo "2056"]
[BlackElo "1889"]
[PlyCount "103"]
[EventDate "2015.05.24"]
[EventType "swiss"]
[EventRounds "9"]
[EventCountry "GER"]
[SourceTitle "CBM 166 Extra"]
[Source "ChessBase"]
[SourceDate "2015.06.18"]
[SourceVersion "1"]
[SourceVersionDate "2015.06.18"]
[SourceQuality "1"]

1. e4 c5 2. Nf3 Nc6 3. d4 cxd4 4. Nxd4 g6 5. c4 Bg7 6. Be3 Nf6 7. Nc3 0-0 8. Be2 d6 9. 0-0 Bd7 10. Rc1 Nxd4 11. Bxd4 Bc6 12. f3 a5 13. Qd2 Nd7 14. Rfd1 Bxd4+ 15. Qxd4 Qb6 16. Qxb6 Nxb6 17. Nd5 Bxd5 18. cxd5 Rfc8 19. Bb5 Kg7 20. Kf2 Kf6 21. Ke3 g5 22. g3 h6 23. f4 gxf4+ 24. gxf4 Rxc1 25. Rxc1 Rc8 26. Rxc8 Nxc8 27. Kd4 Nb6 28. b3 Na8 29. Bd3 Kg6 30. Kc4 Nc7 31. b4 b5+ 32. Kc3 a4 33. Be2 e6 34. dxe6 fxe6 35. Kd4 Kf6 36. e5+ Ke7 37. exd6+ Kxd6 38. a3 Kc6 39. Ke5 Kd7 40. h4 Kc6 41. h5 Kd7 42. Kf6 Nd5+ 43. Kg7 Nc3 44. Bd3 Ke7 45. Kg6 Kf8 46. Kxh6 Kg8 47. Kg6 Kh8 48. Kf7 Nd5 49. Bxb5 Nxf4 50. Bxa4 e5 51. Bc6 Nd3 52. Kf6 1-0

[Event "Berlin Lichtenrade op 10th"]
[Site "Berlin"]
[Date "2014.10.21"]
[Round "4"]
[White "Zahn, Benno"]
[Black "Schnabel, Ralf"]
[Result "1-0"]
[WhiteElo "2035"]
[BlackElo "2195"]
[PlyCount "87"]
[EventDate "2014.10.18"]
[EventType "swiss"]
[EventRounds "9"]
[EventCountry "GER"]
[SourceTitle "EXT 2015"]
[Source "ChessBase"]
[SourceDate "2014.11.20"]
[SourceVersion "1"]
[SourceVersionDate "2014.11.20"]
[SourceQuality "1"]

1. e4 c5 2. Nf3 Nc6 3. d4 cxd4 4. Nxd4 Nf6 5. Nc3 g6 6. Be3 Bg7 7. f3 0-0 8. Bc4 d6 9. Qd2 Bd7 10. 0-0-0 Rc8 11. Bb3 Ne5 12. h4 Nc4 13. Bxc4 Rxc4 14. h5 Qa5 15. Kb1 Rfc8 16. hxg6 fxg6 17. g4 a6 18. Nb3 Qd8 19. e5 Nxg4 20. fxg4 Bxg4 21. Qd5+ e6 22. Qxd6 Bxd1 23. Qxe6+ Kh8 24. Rxd1 Qe8 25. Qxe8+ Rxe8 26. e6 h5 27. Nd4 Kg8 28. Nce2 Bf6 29. b3 Rc5 30. Nf4 Re5 31. Bc1 Re4 32. c3 Kh7 33. Kc2 h4 34. Kd3 Re5 35. Ba3 Ra5 36. Bb4 Rxa2 37. Re1 g5 38. Nd5 Rf2 39. Nc7 Rh8 40. e7 Bxe7 41. Bxe7 Kg6 42. Rg1 Rh5 43. Ke3 Rf7 44. Bd6 1-0

[Event "GER CupT"]
[Site "Germany"]
[Date "2011.01.23"]
[Round "2.3"]
[White "Figura, Atila Gajo"]
[Black "Zahn, Benno"]
[Result "1-0"]
[WhiteElo "2367"]
[BlackElo "2037"]
[PlyCount "101"]
[EventDate "2011.01.22"]
[EventType "team-k.o."]
[EventRounds "6"]
[EventCountry "GER"]
[SourceTitle "EXT 2016"]
[Source "ChessBase"]
[SourceDate "2015.10.08"]
[SourceVersion "1"]
[SourceVersionDate "2015.10.08"]
[SourceQuality "1"]
[WhiteTeam "Kreuzberg"]
[BlackTeam "Potsdam USV"]
[WhiteTeamCountry "GER"]
[BlackTeamCountry "GER"]

1. e4 c5 2. Nf3 d6 3. d4 cxd4 4. Nxd4 Nf6 5. Nc3 g6 6. Be3 Bg7 7. f3 0-0 8. Qd2 Nc6 9. 0-0-0 Nxd4 10. Bxd4 Be6 11. Nd5 Bxd5 12. exd5 Qc7 13. Kb1 Rac8 14. c4 Nd7 15. Bxg7 Kxg7 16. h4 Nf6 17. h5 Rh8 18. h6+ Kf8 19. g4 Nd7 20. f4 Rg8 21. g5 f5 22. Rh3 a5 23. Re3 Nc5 24. Bg2 Re8 25. Rde1 Kf7 26. Bh3 Kf8 27. Qc2 Qc8 28. b3 b6 29. R1e2 Kf7 30. Qc3 Qd8 31. Bg2 Kf8 32. Kc2 Kf7 33. Kd1 Ref8 34. Ke1 Ke8 35. a3 Rf7 36. Qc2 Qd7 37. b4 Nb7 38. Kf2 Kd8 39. Qb1 Qc7 40. Qb3 Kc8 41. Rb2 Kb8 42. Bf1 Ka7 43. Qa4 Rd8 44. Kg3 Rc8 45. Reb3 Ra8 46. Qc6 e5 47. fxe5 dxe5 48. bxa5 bxa5 49. Rxb7+ Qxb7 50. Rxb7+ Rxb7 51. c5 1-0

[Event "GER-chT U20"]
[Site "Chemnitz"]
[Date "2009.12.29"]
[Round "6.2"]
[White "Zahn, Benno"]
[Black "Schiffner, Kevin"]
[Result "1/2-1/2"]
[WhiteElo "1983"]
[BlackElo "1952"]
[PlyCount "73"]
[EventDate "2009.12.27"]
[EventType "team-swiss"]
[EventRounds "7"]
[EventCountry "GER"]
[SourceTitle "EXT 2022"]
[Source "ChessBase"]
[SourceDate "2021.10.06"]
[SourceVersion "1"]
[SourceVersionDate "2021.10.06"]
[SourceQuality "1"]
[WhiteTeam "Potsdam USV U20"]
[BlackTeam "Magdeburg Aufbau Elbe U20"]
[WhiteTeamCountry "GER"]
[BlackTeamCountry "GER"]

1. e4 c5 2. Nf3 e6 3. d4 cxd4 4. Nxd4 a6 5. Bd3 Nc6 6. Be3 Qc7 7. Nc3 Nf6 8. f4 d6 9. Qf3 Be7 10. h3 Bd7 11. g4 h6 12. 0-0-0 0-0-0 13. g5 hxg5 14. fxg5 Ne5 15. Qf2 Nh7 16. Rhg1 Rdg8 17. Nb3 Bc6 18. Kb1 f6 19. Bb6 Qd7 20. gxf6 Nxf6 21. Qe3 Qe8 22. Ne2 Nfd7 23. Nf4 Nxb6 24. Qxb6 Bd8 25. Qb4 Bc7 26. Bc4 Bd7 27. Nd4 Rh6 28. Rg3 g5 29. Rdg1 Rf8 30. Nd3 Nxc4 31. Qxc4 e5 32. Nb3 Be6 33. Qc3 Rh4 34. Nd2 Kb8 35. Rxg5 Rxh3 36. Qb4 Rfh8 37. a4 1/2-1/2

[Event "GER-ch U18"]
[Site "Willingen"]
[Date "2009.06.02"]
[Round "5"]
[White "Meissner, Felix"]
[Black "Zahn, Benno"]
[Result "0-1"]
[WhiteElo "2131"]
[BlackElo "1881"]
[PlyCount "66"]
[EventDate "2009.05.30"]
[EventType "swiss"]
[EventRounds "9"]
[EventCountry "GER"]
[SourceTitle "CBM 130 Extra"]
[Source "ChessBase"]
[SourceDate "2009.07.02"]
[SourceVersion "2"]
[SourceVersionDate "2009.07.15"]
[SourceQuality "1"]

1. e4 c5 2. Nf3 d6 3. d4 cxd4 4. Nxd4 Nf6 5. Nc3 g6 6. Be3 Bg7 7. f3 Nc6 8. Bc4 0-0 9. Qd2 Bd7 10. Bb3 Na5 11. 0-0-0 Rb8 12. Bh6 Bxh6 13. Qxh6 b5 14. h4 e5 15. Nde2 Nxb3+ 16. cxb3 b4 17. Nd5 Nxd5 18. Rxd5 Be6 19. Rd2 Qb6 20. h5 Rfc8+ 21. Kb1 Rb7 22. Qg5 Qd8 23. Qe3 a5 24. hxg6 fxg6 25. Rhd1 Rc6 26. f4 Qe7 27. Qg3 Bf7 28. Ng1 Ra7 29. Nf3 a4 30. Rd3 axb3 31. axb3 Qc7 32. Ne1 Qa5 33. Nc2 Qa2+ 0-1

[Event "GER-ch U16"]
[Site "Willingen"]
[Date "2007.05.26"]
[Round "1"]
[White "Mueller, Reinhold"]
[Black "Zahn, Benno"]
[Result "1-0"]
[WhiteElo "2125"]
[BlackElo "1846"]
[PlyCount "47"]
[EventDate "2007.05.26"]
[EventType "swiss"]
[EventRounds "9"]
[EventCountry "GER"]
[SourceTitle "CBM 118 Extra"]
[Source "ChessBase"]
[SourceDate "2007.07.04"]
[SourceVersion "1"]
[SourceVersionDate "2007.07.04"]
[SourceQuality "1"]

1. d4 d5 2. c4 e6 3. Nf3 Nf6 4. g3 Be7 5. Bg2 Nbd7 6. 0-0 0-0 7. Qc2 b6 8. cxd5 Nxd5 9. a3 Ba6 10. Rd1 h6 11. Ne5 Bb7 12. Nc6 Qe8 13. e4 N5f6 14. Bf4 Bd8 15. Nd2 Bxc6 16. Qxc6 Rb8 17. Rac1 e5 18. dxe5 Nxe5 19. Bxe5 Qxe5 20. Nc4 Qh5 21. h3 Re8 22. e5 Re6 23. Qa4 Nh7 24. Qxa7 1-0